BIBLIOTECA

SENCICO

Fundamentos de resistencia de materiales (Registro nro. 808)

Detalles MARC
000 -LEADER
fixed length control field 00802nam a2200301Ia 4500
005 - DATE AND TIME OF LATEST TRANSACTION
control field 20251020182449.0
008 - FIXED-LENGTH DATA ELEMENTS--GENERAL INFORMATION
fixed length control field 200515s9999 xx 000 0 und d
020 ## - INTERNATIONAL STANDARD BOOK NUMBER
International Standard Book Number 978-84-362-5492-1
082 ## - DEWEY DECIMAL CLASSIFICATION NUMBER
Classification number 620.174/R74
100 ## - MAIN ENTRY--PERSONAL NAME
Personal name Gonzáles-Alberto García, Antonio
100 ## - MAIN ENTRY--PERSONAL NAME
Personal name Rodríguez-Avial Llardent, Mariano
245 #0 - TITLE STATEMENT
Title Fundamentos de resistencia de materiales
250 ## - EDITION STATEMENT
Edition statement 2a ed.
260 ## - PUBLICATION, DISTRIBUTION, ETC.
Place of publication, distribution, etc. Madrid
260 ## - PUBLICATION, DISTRIBUTION, ETC.
Name of publisher, distributor, etc. Universidad Nacional de Educación a Distancia
260 ## - PUBLICATION, DISTRIBUTION, ETC.
Date of publication, distribution, etc. 2007
300 ## - PHYSICAL DESCRIPTION
Extent 527
300 ## - PHYSICAL DESCRIPTION
Other physical details tbl., graf.
490 ## - SERIES STATEMENT
Series statement UNIDADES DIDÁCTICAS
500 ## - GENERAL NOTE
General note 1 ejemplar
650 ## - SUBJECT ADDED ENTRY--TOPICAL TERM
Topical term or geographic name entry element CORTADURAS
650 ## - SUBJECT ADDED ENTRY--TOPICAL TERM
Topical term or geographic name entry element ELASTICIDAD
650 ## - SUBJECT ADDED ENTRY--TOPICAL TERM
Topical term or geographic name entry element ESFUERZOS LONGITUDINALES
650 ## - SUBJECT ADDED ENTRY--TOPICAL TERM
Topical term or geographic name entry element FLEXIONES
650 ## - SUBJECT ADDED ENTRY--TOPICAL TERM
Topical term or geographic name entry element RESISTENCIA DE MATERIALES
942 ## - ADDED ENTRY ELEMENTS (KOHA)
Koha item type Libros
Existencias
Fecha de la última vez que lo usaron Pago total Signatura topográfica completa Código de barras Precio efectivo desde Tipo de documento Estado perdido Estado dañado No es para préstamo Retirado Ubicación permanente Ubicación actual Fecha de adquisición
15/05/2020   620.174/R74 Bib-Lima15050808 15/05/2020 Libros         Biblioteca Central Lima Biblioteca Central Lima 15/05/2020